Ảnh hưởng của khẩu phần qua các giai đoạn sinh trưởng khác nhau lên năng suất, chất lượng thân thịt và tỉ lệ tiêu hóa của gà thịt COBB 500 : Luận văn Thạc sĩ Khoa học Nông nghiệp. Chuyên ngành Chăn nuôi
Thí nghiệm 1: Ảnh hướng của ba loại khẩu phần qua các giai đoạn nuôi đến năng suất sinh trưởng của gà COBB 500. thí nghiệm 2: Ảnh hướng của ba loại khẩu phần qua các giai đoạn tăng trưởng và vỗ béo đến tỉ lệ tiêu hóa dưỡng chất, nito tích...
Bewaard in:
| Hoofdauteur: | |
|---|---|
| Formaat: | Boek |
| Taal: | Undetermined |
| Gepubliceerd in: |
Cần Thơ
Trường Đại học Cần Thơ
2012
|
| Onderwerpen: | |
| Tags: |
Voeg label toe
Geen labels, Wees de eerste die dit record labelt!
|
| Thư viện lưu trữ: | Trung tâm Học liệu Trường Đại học Cần Thơ |
|---|
| LEADER | 01442nam a2200229Ia 4500 | ||
|---|---|---|---|
| 001 | CTU_177735 | ||
| 008 | 210402s9999 xx 000 0 und d | ||
| 082 | |a 636.5 | ||
| 082 | |b S106 | ||
| 088 | |a 60620105 | ||
| 100 | |a Nguyễn, Thanh Sang | ||
| 245 | 0 | |a Ảnh hưởng của khẩu phần qua các giai đoạn sinh trưởng khác nhau lên năng suất, chất lượng thân thịt và tỉ lệ tiêu hóa của gà thịt COBB 500 : | |
| 245 | 0 | |b Luận văn Thạc sĩ Khoa học Nông nghiệp. Chuyên ngành Chăn nuôi | |
| 245 | 0 | |c Nguyễn Thanh Sang ; Nguyễn Thị Kim Khang, Nguyễn Nhựt Xuân Dung (hướng dẫn khoa học) | |
| 260 | |a Cần Thơ | ||
| 260 | |b Trường Đại học Cần Thơ | ||
| 260 | |c 2012 | ||
| 520 | |a Thí nghiệm 1: Ảnh hướng của ba loại khẩu phần qua các giai đoạn nuôi đến năng suất sinh trưởng của gà COBB 500. thí nghiệm 2: Ảnh hướng của ba loại khẩu phần qua các giai đoạn tăng trưởng và vỗ béo đến tỉ lệ tiêu hóa dưỡng chất, nito tích lũy, năng lượng trao đổi và thành phần quầy thịt. | ||
| 650 | |a Chickens,Gà | ||
| 650 | |x Breeding,Sự chăn nuôi | ||
| 904 | |i Ngọc huyền, Năm | ||
| 980 | |a Trung tâm Học liệu Trường Đại học Cần Thơ | ||